Capitales du Monde - Quiz - 20 minutes - Statistiques

Statistiques générales
  • Ce quiz a été pris 75 fois
  • Le résultat moyen est 106 sur 196
Statistiques - réponses
Pays Capitale % Correct
France Paris
98%
Allemagne Berlin
96%
Belgique Bruxelles
95%
Portugal Lisbonne
95%
Espagne Madrid
95%
Russie Moscou
95%
Italie Rome
95%
Autriche Vienne
95%
Pays-Bas Amsterdam
93%
Irlande Dublin
93%
Luxembourg Luxembourg
93%
Suisse Berne
91%
Ukraine Kiev
91%
Royaume-Uni Londres
91%
Monaco Monaco
91%
Norvège Oslo
91%
Vatican Vatican
91%
Grèce Athènes
89%
États-Unis Washington
89%
Danemark Copenhague
88%
Japon Tokyo
88%
Croatie Zagreb
88%
Brésil Brasilia
86%
Hongrie Budapest
86%
Algérie Alger
84%
Chine Pékin
84%
Corée du Sud Séoul
84%
Roumanie Bucarest
82%
Mexique Mexico
82%
Bulgarie Sofia
82%
Argentine Buenos Aires
80%
Australie Canberra
80%
Pologne Varsovie
80%
Canada Ottawa
79%
République Tchèque Prague
79%
Saint-Marin Saint-Marin
79%
Suède Stockholm
77%
Andorre Andorre-la- Vieille
75%
Israël Jérusalem
75%
Maroc Rabat
75%
Albanie Tirana
75%
Tunisie Tunis
75%
Turquie Ankara
73%
Finlande Helsinki
73%
Malte La Valette
73%
Égypte Le Caire
73%
Islande Reykjavik
73%
Bosnie- Herzégovine Sarajevo
73%
Inde New Delhi
71%
Singapour Singapour
70%
Irak Bagdad
68%
Thaïlande Bangkok
68%
Pérou Lima
68%
Biélorussie Minsk
68%
Estonie Tallinn
68%
Lituanie Vilnius
68%
Colombie Bogotá
66%
Cuba La Havane
66%
Panama Panama
66%
Afrique du Sud Pretoria / Le Cap / Bloemfontein
66%
Chili Santiago
66%
Iran Téhéran
66%
Bangladesh Dacca
64%
Syrie Damas
64%
Qatar Doha
64%
Rép. Dém. du Congo Kinshasa
64%
Uruguay Montevideo
64%
Arabie Saoudite Riyad
64%
Serbie Belgrade
63%
Liban Beyrouth
63%
Afghanistan Kaboul
63%
Corée du Nord Pyongyang
63%
Lettonie Riga
63%
Émirats Arabes Unis Abou Dabi
61%
Mali Bamako
61%
Indonésie Jakarta
61%
Jamaïque Kingston
61%
Saint-Vincent-et- les-Grenadines Kingstown
61%
Slovénie Ljubljana
61%
Liechtenstein Vaduz
61%
Nouvelle-Zélande Wellington
61%
Slovaquie Bratislava
59%
Sénégal Dakar
59%
Bolivie La Paz / Sucre
59%
Mongolie Oulan-Bator
59%
Haïti Port-au-Prince
59%
Équateur Quito
59%
Géorgie Tbilissi
59%
Azerbaïdjan Bakou
57%
Rép du Congo Brazzaville
57%
Djibouti Djibouti
57%
Malaisie Kuala Lumpur
57%
Philippines Manille
57%
Burkina Faso Ouagadougou
57%
Venezuela Caracas
55%
Moldavie Chișinău
55%
Viêt Nam Hanoï
55%
Pakistan Islamabad
55%
Koweït Koweït
55%
Kenya Nairobi
55%
Kosovo Pristina
55%
Chypre Nicosie
54%
Monténégro Podgorica
54%
Cameroun Yaoundé
54%
Paraguay Asunción
52%
Arménie Erevan
52%
Guatemala Guatemala
52%
Cambodge Phnom Penh
52%
Macédoine du Nord Skopje
52%
Gabon Libreville
50%
République Dominicaine Saint-Domingue
50%
Taïwan Taipei
50%
Libye Tripoli
50%
Madagascar Antananarivo
48%
Ghana Accra
46%
Jordanie Amman
46%
Guinée-Bissau Bissau
45%
Sierra Leone Freetown
45%
Népal Katmandou
45%
Yémen Sanaa
45%
Salvador San Salvador
45%
Côte d'Ivoire Yamoussoukro
45%
Éthiopie Addis-Abeba
43%
Maldives Malé
43%
Costa Rica San José
43%
Guinée Conakry
41%
Guyana Georgetown
41%
Togo Lomé
41%
Bahamas Nassau
41%
Sao Tomé-et- Principe Sao Tomé
41%
Kazakhstan Astana
39%
Soudan Khartoum
39%
Mauritanie Nouakchott
38%
Honduras Tegucigalpa
38%
Kirghizistan Bichkek
36%
Angola Luanda
36%
Nicaragua Managua
36%
Bahreïn Manama
36%
Somalie Mogadiscio
36%
Suriname Paramaribo
36%
Dominique Roseau
36%
Ouzbékistan Tachkent
36%
Seychelles Victoria
36%
République Centrafricaine Bangui
34%
Belize Belmopan
34%
Niger Niamey
34%
Papouasie- Nouvelle-Guinée Port Moresby
34%
Bénin Porto-Novo
34%
Cap-Vert Praia
34%
Rwanda Kigali
32%
Oman Mascate
32%
Comores Moroni
32%
Tchad Ndjamena
32%
Trinité-et-Tobago Port-d'Espagne
32%
Laos Vientiane
32%
Gambie Banjul
30%
Saint-Christophe- et-Niévès Basseterre
30%
Sainte-Lucie Castries
30%
Timor Oriental Dili
30%
Botswana Gaborone
30%
Mozambique Maputo
30%
Grenade Saint George's
30%
Antigua-et- Barbuda Saint John's
30%
Sri Lanka Sri Jayawardenapura Kotte
30%
Fidji Suva
30%
Namibie Windhoek
30%
Brunei Bandar Seri Begawan
29%
Barbade Bridgetown
29%
Maurice Port-Louis
29%
Nauru Yaren
29%
Nigeria Abuja
27%
Tanzanie Dodoma
27%
Tadjikistan Douchanbé
27%
Zimbabwe Harare
27%
Eswatini Mbabane
27%
Birmanie Naypyidaw
27%
États Fédérés de Micronésie Palikir
27%
Vanuatu Port-Vila
27%
Kiribati Tarawa-Sud
27%
Turkménistan Achgabat
25%
Samoa Apia
25%
Érythrée Asmara
25%
Tonga Nukuʻalofa
25%
Bhoutan Thimphou
25%
Ouganda Kampala
23%
Zambie Lusaka
23%
Îles Marshall Majuro
23%
Guinée Équatoriale Malabo
23%
Soudan du Sud Djouba
21%
Tuvalu Funafuti
21%
Malawi Lilongwe
21%
Palaos Ngerulmud
21%
Lesotho Maseru
20%
Liberia Monrovia
20%
Burundi Gitega
18%
Îles Salomon Honiara
18%
Aucun quiz correspondant
Distribution des résultats
% des personnes avec chaque résultat
Percentile par nombre de réponses
Votre historique - résultats
Vous n’avez pas pris ce quiz